Unidad de control para un semáforo con decisión

Sábháilte in:
Sonraí bibleagrafaíochta
Príomhchruthaitheoir: Espinosa Valverde, Rodolfo Alberto
Rannpháirtithe: Loría Martínez, Guillermo A
Formáid: LEABHAR
Foilsithe / Cruthaithe: [San José , Costa Rica] 1976
Ábhair:
Clibeanna: Cuir clib leis
Níl clibeanna ann, Bí ar an gcéad duine le clib a chur leis an taifead seo!

MARC

LEADER 00000nam a2200000Ia 4500
003 007546
005 20221231144325.0
008 140114s1976 cr a m 000 ||s d
040 |c cru CEDI 
090 |a TFG 2534 
100 |a Espinosa Valverde, Rodolfo Alberto  |9 12595 
245 |a Unidad de control para un semáforo con decisión 
260 |c 1976  |a [San José , Costa Rica] 
300 |a [v], 42 hojas algunas plegables : ilustracioes  
500 |a A la Cabeza de la portada. Universidad de Costa Rica. Departamento de Ingeniería Eléctrica. "IE-410 Proyecto eléctrico” 
650 |z SEMAFOROS   |z INTELIGENCIA ARTIFICIAL   |z CONTROLADORES LOGICOS PROGRAMABLES   |z DISPOSITIVOS LOGICOS PROGRAMABLES   |z DISEÑO  |9 12596 
700 |9 13409  |a Loría Martínez, Guillermo A 
942 |c TFG 
999 |c 20173  |d 20173